000 00238nam a2200097Ia 4500
001 1166564
005 20250827011802.0
008 250824s9999 xx 000 0 und d
245 0 _aBEN NEY'İM
_cHAKAN MENGÜÇ
260 _bDESTEK YAYINLARI
999 _c1166564
_d1166564